00950pam a2200265 a 4500999001300000001000500013003000900018005001700027008004100044020001500085040002300100050002200123082001600145100002100161245010500182260006200287300004500349504005300394650002300447700002300470700002000493906004500513942001200558952011400570 c593d5931743BD-DhUAP20200125125057.0931116s1994 nyua b 001 0 eng  a0060402946 aDLCcDLCdBD-DhUAP00aHM251b.A794 199400a302 ARO2231 aAronson, Elliot.10aSocial psychology :bthe heart and the mind /cElliot Aronson, Timothy D. WIlson and Robin M. Akert. aNew York, NY :bHarperCollins College Publishers,cc1994. avarious pages :billustrations ;c26 cm. aIncludes bibliographical references and indexes. 0aSocial psychology.1 aWilson, Timothy D.1 aAkert, Robin M. a7bcbccorignewd1eocipf19gy-gencatlg 2ddccBK 00102ddc4070aUAPCLbUAPCLcGeneral Stacksd2020-01-25o302 AROp3010001743r2020-01-25t1w2020-01-25yBK